000 00672nam a22001817a 4500
005 20251108172809.0
008 250721s1986 xx 000 0 ara d
082 1 4 _a213.41/بخا
100 1 _aالبخاري، أبو عبد الله محمد بن أبي ................
245 1 0 _aفهرس مصنفات الإمام أبي عبد الله محمد بن إسماعيل البخاري .... /
264 1 _aالرياض :
_bدار العاصمة،
_c1986.
300 _a678 ص
490 0 _aفهرس الفهارس 3 ( كتاب الرجال 1 )
650 1 7 _aالحديث الشريف
650 1 7 _aصحيح البخاري
942 _2ddc
_cBK
999 _c88730
_d88730